Catálogo
 En Linea

A través de la danza / (Registro nro. 23591)

Detalles MARC
000 -CABECERA
campo de control de longitud fija 00565nam a2200193 a 4500
001 - NÚMERO DE CONTROL
campo de control 000024096
005 - FECHA Y HORA DE LA ÚLTIMA TRANSACCIÓN
campo de control 20200930022720.0
008 - DATOS DE LONGITUD FIJA--INFORMACIÓN GENERAL
campo de control de longitud fija 110118s1970 ve c r 000 0 spa d
040 ## - FUENTE DE LA CATALOGACIÓN
Centro catalogador/agencia de origen DO-SdBNP
Lengua de catalogación spa
Centro/agencia transcriptor BNPHU
082 ## - NÚMERO DE LA CLASIFICACIÓN DECIMAL DEWEY
Número de clasificación xxxxx
Número de documento/Ítem S228a
049 ## - FONDOS LOCALES (OCLC)
Fondos de biblioteca BNGR
100 1# - ENTRADA PRINCIPAL--NOMBRE DE PERSONA
Nombre de persona Sanoja, Sonia
9 (RLIN) 49500
245 10 - MENCIÓN DE TÍTULO
Título A través de la danza /
Mención de responsabilidad, etc. Sonia Sanoja ; prólogo Roberto Guevara.
260 ## - PUBLICACIÓN, DISTRIBUCIÓN, ETC.
Lugar de publicación, distribución, etc. Caracas :
Nombre del editor, distribuidor, etc. Monte Avia,
Fecha de publicación, distribución, etc. 1970.
300 ## - DESCRIPCIÓN FÍSICA
Extensión 125 p. :
Otras características físicas retrs. ;
Dimensiones 17.5 cm.
490 1# - MENCIÓN DE SERIE
Mención de serie Continente
700 1# - PUNTO DE ACCESO ADICIONAL--NOMBRE DE PERSONA
Nombre de persona Guevara, Roberto,
Término indicativo de función/relación pról.
9 (RLIN) 49501
830 #0 - PUNTO DE ACCESO ADICIONAL DE SERIE-TÍTULO UNIFORME
Título uniforme Continente
9 (RLIN) 5070
Existencias
Estado de retiro Estado de pérdida Restricciones de uso No para préstamo Código de colección Localización permanente Ubicación/localización actual Ubicación en estantería Fecha de adquisición Número de inventario Total de préstamos Signatura topográfica completa Código de barras Fecha visto por última vez Precio válido a partir de Tipo de ítem Koha
        Monografías: Libros y Folletos General General En catalogación 18.01.2011 LF1   xxxxx S228a 24096-10 25.06.2020 25.06.2020 Préstamo en sala

Con tecnología Koha